| 000 | 01535cam a2200337 4500 | ||
|---|---|---|---|
| 999 |
_c102945 _d102945 |
||
| 008 | #DATE n2003 000 0 eng u | ||
| 020 | _a0471215988 | ||
| 035 | _a(Sirsi) u122865 | ||
| 041 | _aeng | ||
| 050 | _a346.410432 | ||
| 100 | _aRobillard, Walter George | ||
| 245 | _aBrown's boundary control and legal principles | ||
| 250 | _a5th ed. | ||
| 260 |
_aHoboken _bWiley _c2003 |
||
| 300 |
_aix, 460p. _c24cm. |
||
| 350 | _a77.50 | ||
| 520 | _aA fifth edition of this textbook on the law of boundaries in the United States which has been expanded to include information on GIS and GPS. Considers: the history of boundaries; how they are created; the ownership, transfer and description of real property in law; easements and reversions; and boundary law and presumptions. Different types of boundary are discussed including metes and bounds, General Land Office (GLO) boundaries, riparian boundaries and littorial boundaries. Provides advice on federal and state land surveys, resurveying and retracting sectionalised lands, and the role of the surveyor. Diagrams, glossary and references. | ||
| 520 | _aSupersedes fourth edition (ISBN 0471043125). | ||
| 650 |
_aBoundary disputes _96221 |
||
| 650 | _aBOUNDS | ||
| 650 | _aGLO BOUNDARIES | ||
| 650 | _aMETES | ||
| 650 | _aLAND SURVEYING | ||
| 650 | _aLITTORAL RIGHTS | ||
| 650 | _aRIPARIAN RIGHTS | ||
| 650 | _aUNITED STATES | ||
| 690 |
_aBoundary disputes _96221 |
||
| 700 | _aWilson, Donald A. | ||
| 700 | _aBrown, Curtis Maitland | ||
| 942 |
_n0 _2ddc |
||